Statistics for Flags of Countries of the World in 1925

Click here to take the quiz!

General Stats

  • This quiz has been taken 169 times
    (149 since last reset)
  • The average score is 60 of 77

Answer Stats

Answer% Correct
Japan
98%
Poland
97%
Chile
96%
Finland
95%
Uruguay
95%
Panama
94%
San Marino
92%
Bulgaria
91%
Czechoslovakia
91%
Germany
89%
Belgium
88%
Afghanistan
86%
Austria
86%
Colombia
86%
Denmark
86%
Netherlands
86%
Norway
86%
Switzerland
86%
Turkey
86%
United States
86%
Brazil
85%
Ecuador
85%
Ireland
85%
Latvia
85%
Mexico
85%
Nepal
85%
Portugal
85%
Soviet Union
85%
Spain
85%
United Kingdom
85%
France
84%
Iceland
84%
Venezuela
84%
Albania
83%
Australia
83%
Hungary
83%
Italy
83%
Luxembourg
83%
New Zealand
83%
Peru
83%
Siam
83%
Argentina
82%
Liberia
82%
Lithuania
82%
Monaco
82%
Mongolia
82%
Paraguay
82%
Sweden
82%
Romania
81%
Estonia
80%
Canada
79%
Costa Rica
79%
Honduras
79%
Cuba
78%
Dominican Republic
78%
El Salvador
78%
Nicaragua
78%
Guatemala
76%
Haiti
76%
Bolivia
75%
Tibet
74%
Greece
73%
Liechtenstein
71%
China
70%
Persia
66%
Andorra
62%
Yugoslavia
62%
Egypt
61%
Ethiopia
58%
Newfoundland
56%
South Africa
56%
Danzig
44%
Nejd
38%
Yemen
38%
Tannu Tuva
31%
Hejaz
28%
Asir
22%

Score Distribution

Percentile by Number Answered

Percent of People with Each Score

Your Score History

You have not taken this quiz since the last reset